ကျေးလက်ရိုးရာမြန်မာမှုဓလေ့များ / (Record no. 27160)

000 -LEADER
fixed length control field 01220nam a22001937a 4500
005 - DATE AND TIME OF LATEST TRANSACTION
control field 20260123083149.0
008 - FIXED-LENGTH DATA ELEMENTS--GENERAL INFORMATION
fixed length control field 230713b ||||| |||| 00| 0 eng d
040 ## - CATALOGING SOURCE
Transcribing agency SSBUL
Modifying agency SSBUL
082 ## - DEWEY DECIMAL CLASSIFICATION NUMBER
Edition number 23
Classification number ၃၉၀.၀၉၅၉၁ အောင် ၁၆၀၃၆ (S-SAT)
100 ## - MAIN ENTRY--PERSONAL NAME
Personal name အောင်သိန်း၊
Titles and words associated with a name ဆင်ဖြူကျွန်း။
9 (RLIN) 14537
245 ## - TITLE STATEMENT
Title ကျေးလက်ရိုးရာမြန်မာမှုဓလေ့များ /
Statement of responsibility, etc. ဆင်ဖြူကျွန်းအောင်သိန်း။
260 ## - PUBLICATION, DISTRIBUTION, ETC.
Place of publication, distribution, etc. ရန်ကုန်၊
Name of publisher, distributor, etc. စာပေဗိမာန်၊
Date of publication, distribution, etc. ၁၉၉၀။
300 ## - PHYSICAL DESCRIPTION
Extent ၁၅၅ စာမျက်နှာ၊
Other physical details ရုပ်ပုံများ၊
Dimensions ၁၈ စင်တီ။
440 ## - SERIES STATEMENT/ADDED ENTRY--TITLE
Title စာပေဗိမာန်ထုတ်ပြည်သူ့လက်စွဲစာစဉ်။
9 (RLIN) 27757
500 ## - GENERAL NOTE
General note S-SAT: Dr. Prof Sai Aung Tun
651 ## - SUBJECT ADDED ENTRY--GEOGRAPHIC NAME
Geographic name မြန်မာနိုင်ငံ
General subdivision ယဉ်ကျေးမှုနှင့်ဓလေ့ထုံးစံ။
9 (RLIN) 27922
Geographic name မြန်မာနိုင်ငံ
General subdivision လူနေမှုဘဝနှင့်ဓလေ့ထုံးစံ။
9 (RLIN) 8928
942 ## - ADDED ENTRY ELEMENTS (KOHA)
Source of classification or shelving scheme
Koha item type Book (Short term)
Holdings
Withdrawn status Lost status Source of classification or shelving scheme Damaged status Not for loan Collection code Permanent Location Current Location Shelving location Date acquired Total Checkouts Full call number Barcode Date last seen Price effective from Koha item type Accession
          Special Collections Shan State Buddhist University Library Shan State Buddhist University Library Reference Shelves 13/07/2023   ၃၉၀.၀၉၅၉၁ အောင် ၁၆၀၃၆ (S-SAT) MB00016036 13/07/2023 13/07/2023 Book (Short term) ၁၆၀၃၆ (S-SAT)

Library - 09407999929
Admin Office - 09407999979
Dean Office - 09250910768
Registrar Office - 09892297154
Email - [email protected]
Shan State Buddhist University, Phaya Phyu Taunggyi, Shan State, Myanmar.